| 000 | 01103nam a22003257a 4500 | ||
|---|---|---|---|
| 003 | CHAP | ||
| 005 | 20220329135007.0 | ||
| 008 | 971013s r 00010 d | ||
| 010 | _a29204 | ||
| 011 | _a30176 | ||
| 035 | _a34288 | ||
| 040 | _cCHAP | ||
| 090 | _aFolleto 10348 | ||
| 100 | 0 | 0 |
_aLeón Vizcaíno, Luis Francisco. _966204 |
| 245 | _aNotas sobre el diseño hidráulico de vertedores de canal lateral | ||
| 260 |
_aMéxico, D.F. : _bEl autor, _c198? |
||
| 300 |
_a17 p. _b: ilus. ; gráfs. |
||
| 590 |
_aBATCH-UPD _b10 _c20130110 _lUCH01 _h0211 |
||
| 590 |
_aBATCH-UPD _b10 _c20130110 _lUCH01 _h1131 |
||
| 590 |
_aBATCH-UPD _b10 _c20130409 _lUCH01 _h2227 |
||
| 590 |
_aBATCH-UPD _b10 _c20130410 _lUCH01 _h0947 |
||
| 590 |
_aBATCH-UPD _b10 _c20130914 _lUCH01 _h1640 |
||
| 590 |
_aCONVERSION _b10 _c20130109 _lUCH01 _h1317 |
||
| 650 | 1 | 4 |
_aIngeniería hidráulica. _958235 |
| 650 | 1 | 4 |
_aVertedores. _9118966 |
| 901 | _aBK | ||
| 942 | _cFOLL | ||
| 949 |
_aFolleto 10348 _bBC _cFOLL _d-79460 _eTS1 _gI.c/e _i34288 _si _t135.00 |
||
| 949 |
_aFolleto 10348 _bBC _cFOLL _d-79461 _eTS2 _fc.2 _gI.c/e _i34288 _si _t135.00 |
||
| 999 |
_c29204 _d29204 |
||